000 00192 a2200097 4500
020 _a9780590254687
041 _aeng
100 _aPaulette Bourgeois
245 _aFranklins Blanket
942 _cK
999 _c28091
_d28091